Champions du monde Français - Mort Subite #1 - Statistiques

Statistiques générales
  • Ce quiz a été pris 121 fois
  • Le résultat moyen est 9 sur 30
Answers on the Grid
Answers color-coded by a green-red scale on the quiz's grid according to % correct below.
Kylian Mbappé
Romain Febvre
Arnaud Vincent
Marc Hatchadourian
Fabio Quartararo
Sylvain Guintoli
Sébastien Ogier
Sébastien Loeb
Mike di Méglio
Romain Grosjean
Esteban Ocon
Jéhan de Buhan
Antoine Griezmann
Antoine Albeau
Martin Fourcade
Laure Manaudou
Camille Frison
Thierry Henry
Teddy Riner
Estelle Mossely
Florent Sinama-Pongolle
Jeannie Longo
Marie-José Perec
Renaud Lavillénie
Jimmy Gressier
Yohann Diniz
Tessa Worley
Loïc Bruni
Victor Koretzky
Jacques Secrétin
Isack Hadjar
Charles Pic
Sébastien Chabal
Mélanie de Jesus dos Santos
René Arnoux
Achille Tronquit
Amel Bent
Alexis Lebrun
Johanne Defay
Kauli Vaast
Vincent Jay
Jérémy Bury
Alex Lanier
Karim Benzema
Loris Baz
Aurélie Aubert
Jacqueline Boissière
Lucas Créeange
 
Statistiques - réponses
Réponse % Correct
Antoine Griezmann
71%
Kylian Mbappé
69%
Sébastien Loeb
67%
Thierry Henry
66%
Teddy Riner
64%
Martin Fourcade
58%
Laure Manaudou
54%
Renaud Lavillénie
51%
Marie-José Perec
46%
Jimmy Gressier
43%
Fabio Quartararo
42%
Jeannie Longo
42%
Sébastien Ogier
37%
Tessa Worley
34%
Yohann Diniz
31%
Estelle Mossely
20%
Victor Koretzky
14%
Jacques Secrétin
10%
Romain Febvre
6%
Romain Grosjean
6%
Esteban Ocon
5%
Loïc Bruni
5%
Arnaud Vincent
2%
Camille Frison
2%
Florent Sinama-Pongolle
2%
Antoine Albeau
1%
Marc Hatchadourian
1%
Mike di Méglio
1%
Sylvain Guintoli
1%
Jéhan de Buhan
0%
Aucun quiz correspondant
Distribution des résultats
% des personnes avec chaque résultat
Percentile par nombre de réponses
Votre historique - résultats
Vous n’avez pas pris ce quiz